All US States in Order of Population - Statistics

General Stats
  • This quiz has been taken 1,409 times
  • The average score is 37 of 50
Answer Stats
State % Correct
39,144,818 C California
100%
27,469,114 T Texas
99%
20,271,272 F Florida
98%
19,795,791 N New York
97%
10,214,860 G Georgia
95%
12,859,995 I Illinois
95%
12,802,503 P Pennsylvania
95%
11,613,423 O Ohio
92%
8,382,993 V Virginia
88%
7,170,351 W Washington
88%
6,619,680 I Indiana
84%
9,922,576 M Michigan
83%
10,042,802 N North Carolina
83%
6,600,299 T Tennessee
83%
6,828,065 A Arizona
81%
8,958,013 N New Jersey
76%
4,028,977 O Oregon
76%
4,425,092 K Kentucky
75%
4,670,724 L Louisiana
75%
4,858,979 A Alabama
74%
2,995,919 U Utah
74%
2,911,641 K Kansas
73%
5,456,574 C Colorado
72%
3,911,338 O Oklahoma
72%
626,042 V Vermont
72%
5,771,337 W Wisconsin
72%
6,794,422 M Massachusetts
71%
4,896,146 S South Carolina
71%
586,107 W Wyoming
71%
738,432 A Alaska
70%
3,590,886 C Connecticut
70%
1,431,603 H Hawaii
69%
3,123,899 I Iowa
69%
1,056,298 R Rhode Island
69%
945,934 D Delaware
67%
6,083,672 M Missouri
67%
2,978,204 A Arkansas
66%
858,469 S South Dakota
65%
756,927 N North Dakota
63%
6,006,401 M Maryland
62%
1,654,930 I Idaho
61%
5,489,594 M Minnesota
60%
1,844,128 W West Virginia
58%
1,330,608 N New Hampshire
56%
1,329,328 M Maine
55%
2,992,333 M Mississippi
55%
1,032,949 M Montana
55%
2,890,845 N Nevada
55%
2,085,109 N New Mexico
52%
1,896,190 N Nebraska
51%
No matching quizzes found
Score Distribution
Percent of People with Each Score
Percentile by Number Answered
Your Score History
You have not taken this quiz